000 00501nam a2200181Ia 4500
001 20586
005 20260306172816.0
008 260306t2023||||xx |||||||||||||| ||spa||
041 _aESP
082 _a343.4
_bQ71
100 _aQuiroga León, Aníbal,
_eAUT
245 0 _aEstrategias de litigio en sede constitucional :
_bargumentación, litigación oral y derechos humanos
260 _c2023
300 _a414 páginas :
_c25 cm.
650 _aGEN
654 _aCDE
942 _cLIB
_dJUS
_fJUS
_2ddc
_n
999 _c20586
_d20586